| 000 | 005110000a22001210004500 | ||
|---|---|---|---|
| 100 | 1 | _aElizalde, Oscar | |
| 245 | 1 | 0 | _aDignidad de la mujer y teología |
| 300 | _ano.27 (may. - jun., 2011), p. 34-35 | ||
| 520 | _aLa teología busca de varias maneras responder o por lo menos revelar e inquietarse con la cuestión de la mujer. Cuenta para ésto con el camino abierto por Jesús de Nazareth y su movimiento. | ||
| 650 | 1 | 4 | _aTEOLOGÍA |
| 773 | 0 | _tVida nueva: Una palabra comprometida en la iglesia | |
| 942 | _cANA | ||
| 999 |
_c63460 _d63460 |
||